Statistics for Straight Shot to Los Angeles

Click here to take the quiz!

General Stats

  • This quiz has been taken 18 times
  • The average score is 15 of 20

Answer Stats

Country% Correct
New Zealand
100%
Australia
94%
Tonga
94%
Fiji
88%
Marshall Islands
88%
Palau
88%
Philippines
88%
Indonesia
82%
Papua New Guinea
82%
Samoa
82%
Tuvalu
82%
Chile
76%
Kiribati
76%
Mexico
76%
Vanuatu
76%
Federated States of Micronesia
71%
Solomon Islands
71%
France (New Caledonia, Wallis and Futuna)
41%
Madagascar
18%
Mozambique
18%

Score Distribution

Percentile by Number Answered

Percent of People with Each Score

Your Score History

You have not taken this quiz